Normal view MARC view

Entry Personal Name

Number of records used in: 2

001 - CONTROL NUMBER

  • control field: 44935

003 - CONTROL NUMBER IDENTIFIER

  • control field: dpl

005 - DATE AND TIME OF LATEST TRANSACTION

  • control field: 20120411104108.0

008 - FIXED-LENGTH DATA ELEMENTS

  • fixed length control field: 120411|||a|||||| | ||| d

040 ## - CATALOGING SOURCE

  • Original cataloging agency: dpl
  • Transcribing agency: dpl

100 ## - HEADING--PERSONAL NAME

  • Personal name: गुप्त, महेशचंद

670 ## - SOURCE DATA FOUND

  • Source citation: Work cat.: (dpl)64397: गुप्त, महेशचंद, प्रशासनिक हिन्दीः ऐतिहासिक सन्दर्भ /, 2011

670 ## - SOURCE DATA FOUND

  • Source citation: Work cat.: (dpl)64397: गुप्त, महेशचंद, प्रशासनिक हिन्दीः ऐतिहासिक सन्दर्भ /, 2011

© Delhi Public Library
Hit Counter
free hit counter